000 00345 a2200133 4500
999 _c321399
_d321399
001 86326
003 NUST
005 20180122133518.0
008 180122b xxu||||| |||| 00| 0 eng d
020 _a9693508513
082 _a891.421 BAK
100 _aMian Muhammad Bakhsh Sahib
_99478
245 _aSaifal Malook
_cMian Muhammad Bakhsh Sahib
_hUrdu
260 _aLahore
_bSang-e-Meel Lahore
_c2004
300 _a476p.
942 _aAHQ
_cBK
_k891.421 BAK
_2ddc